000 00717nam a2200217Ia 4500
003 GCL
005 20240530095247.0
008 140319s9999 xx 000 0 ara d
040 _aGCL /
_cGCL
082 0 4 _a320.9
_bن س
100 1 _aتشومسكى، ناعوم
245 1 0 _aالسيطرة على الاعلام الانجازات الهائلة لليروياجندا /
_cتشومسكى، ناعوم
250 _aالاولى
260 _aالقاهرة :
_bمكتبة الشروق الدولية ،
_c2003
300 _a59 ص ؛
_c24 سم
650 0 4 _aالعلاقات العامة
650 0 4 _aحرب الخليج
650 0 4 _aالاعلام
650 0 4 _aالراى العام
942 _2ddc
_cBK
999 _c5549
_d5549